[Event "GER-ch U25 op"]
[Site "Willingen"]
[Date "2004.06.04"]
[Round "9"]
[White "Rafiee, Makan"]
[Black "Rackisch, Daniel"]
[Result "1/2-1/2"]
[WhiteElo "2028"]
[BlackElo "1859"]
[PlyCount "28"]
[EventDate "2004.05.30"]
[EventType "swiss"]
[EventRounds "9"]
[EventCountry "GER"]
[SourceTitle "EXT 2005"]
[Source "ChessBase"]
[SourceDate "2004.11.15"]
[SourceVersion "1"]
[SourceVersionDate "2004.11.15"]
[SourceQuality "1"]

1. e4 e6 2. d4 d5 3. Nd2 Nf6 4. e5 Nfd7 5. Bd3 c5 6. c3 Nc6 7. Ne2 Qb6 8. Nf3 cxd4 9. cxd4 f6 10. exf6 Nxf6 11. 0-0 Bd6 12. Re1 0-0 13. Nc3 a6 14. Bg5 Bd7 1/2-1/2

[Event "Dortmund op-A"]
[Site "Dortmund"]
[Date "2003.08.04"]
[Round "4"]
[White "Hemmings, Martin"]
[Black "Rackisch, Daniel"]
[Result "1/2-1/2"]
[WhiteElo "1907"]
[BlackElo "1777"]
[PlyCount "24"]
[EventDate "2003.08.01"]
[EventType "swiss"]
[EventRounds "9"]
[EventCountry "GER"]
[SourceTitle "CBM 095 Extra"]
[Source "ChessBase"]
[SourceDate "2003.09.04"]
[SourceVersion "1"]
[SourceVersionDate "2003.09.04"]
[SourceQuality "1"]

1. e4 e6 2. d4 d5 3. e5 c5 4. c3 Qb6 5. Nf3 Nc6 6. Bd3 cxd4 7. cxd4 Bd7 8. Rg1 Nxd4 9. Nc3 a6 10. Ng5 Be7 11. Qh5 g6 12. Qh3 h5 1/2-1/2

[Event "Dortmund op-A"]
[Site "Dortmund"]
[Date "2003.08.03"]
[Round "3"]
[White "Stepa, Rainer"]
[Black "Rackisch, Daniel"]
[Result "1-0"]
[WhiteElo "2028"]
[BlackElo "1777"]
[PlyCount "87"]
[EventDate "2003.08.01"]
[EventType "swiss"]
[EventRounds "9"]
[EventCountry "GER"]
[SourceTitle "CBM 095 Extra"]
[Source "ChessBase"]
[SourceDate "2003.09.04"]
[SourceVersion "1"]
[SourceVersionDate "2003.09.04"]
[SourceQuality "1"]

1. Nf3 Nf6 2. d4 g6 3. Nbd2 Bg7 4. e4 d6 5. c3 Nbd7 6. e5 Nd5 7. e6 fxe6 8. Ng5 N7f6 9. c4 Nb6 10. Bd3 Bh6 11. Ndf3 Bxg5 12. Nxg5 c6 13. Qe2 Bd7 14. h4 Qc7 15. h5 gxh5 16. Rxh5 0-0-0 17. Nxe6 Bxe6 18. Qxe6+ Qd7 19. Qxd7+ Nbxd7 20. Ra5 a6 21. Bf5 Kc7 22. Kf1 e5 23. Bg5 Rdf8 24. Bxf6 Rxf6 25. Bxd7 Kxd7 26. dxe5 Rf5 27. Rd1 Re8 28. Rxd6+ Kc7 29. Rf6 Rh5 30. f4 Rh4 31. Ra3 Rg8 32. Rf7+ Kd8 33. g3 Rh1+ 34. Kg2 Rc1 35. Rc3 Rd1 36. Rxb7 Rd2+ 37. Kf3 Kc8 38. Ra7 Rxb2 39. Ra8+ Rb8 40. Rxb8+ Kxb8 41. Rd3 Kc7 42. e6 Re8 43. f5 Rf8 44. Kf4 1-0

[Event "Werther Schloss op-B 9th"]
[Site "Werther"]
[Date "2003.04.11"]
[Round "1"]
[White "Rackisch, Daniel"]
[Black "Wesnigk, Karl Heinz"]
[Result "1/2-1/2"]
[WhiteElo "1708"]
[BlackElo "1867"]
[PlyCount "65"]
[EventDate "2003.04.11"]
[EventType "swiss"]
[EventRounds "5"]
[EventCountry "GER"]
[SourceTitle "EXT 2006"]
[Source "ChessBase"]
[SourceDate "2005.11.24"]
[SourceVersion "1"]
[SourceVersionDate "2005.11.24"]
[SourceQuality "1"]

1. e4 c5 2. c3 d5 3. exd5 Qxd5 4. d4 Nf6 5. Nf3 Bg4 6. Be2 cxd4 7. cxd4 e6 8. 0-0 Be7 9. Nc3 Qd8 10. Be3 0-0 11. Qb3 Qc8 12. Rac1 Nc6 13. Rfd1 Rd8 14. h3 Bh5 15. d5 exd5 16. Nxd5 Nxd5 17. Rxd5 Rxd5 18. Qxd5 Bg6 19. Bb5 a6 20. Bxc6 bxc6 21. Rxc6 Qd8 22. Qxd8+ Bxd8 23. Bd4 Be4 24. Rc1 f6 25. a3 Kf7 26. Nd2 Bd5 27. Nc4 Rb8 28. Ne3 Be4 29. b4 Ke6 30. Bc5 a5 31. Rd1 Bc7 32. Nc4 axb4 33. Bxb4 1/2-1/2